000 00789nam a2200241 i 4500
001 146582
003 ES-MaACL
005 20240225063056.0
007 t|
008 070912s1969 sp ||||1| spa d
080 _a316.324.8
100 1 _aTouraine, Alain,
_d1925-2023
_9111138
245 1 3 _aLa sociedad post-industrial /
_cAlain Touraine ; traducción de Juan Ramón Capella y Francisco J. Fernández Buey.
260 _aBarcelona :
_bAriel,
_c[1969]
300 _a237 p. ;
_c18 cm.
490 1 _aAriel quincenal ;
_v23
650 4 _aSociedad postindustrial.
_917176
700 1 _aCapella, Juan-Ramón.
_934819
700 1 _aFernández Buey, Francisco.
_949526
830 1 _aAriel quincenal ;
_v23
_9180806
852 _aES-MaACL
_jC-52244
999 _c146582
_d146582